| 000 | 00803nmm a2200289 a 4500 | ||
|---|---|---|---|
| 003 | AR-BaBNM | ||
| 005 | 20251128202947.0 | ||
| 008 | 206019s1944 ||||||||||||||000 | spa|| | ||
| 040 | _cAR-BaBNM | ||
| 100 | 1 | _aTrenti Rocamora, José Luis | |
| 245 | 1 | 0 | _aLas convicciones religiosas de los próceres argentinos |
| 260 |
_aBuenos Aires _bHuarpes _c1944 |
||
| 300 | _a220 p. | ||
| 500 | _aFalta la portada | ||
| 650 | 4 | _aHISTORIA ARGENTINA | |
| 650 | 4 | _aBIOGRAFIAS | |
| 650 | 4 | _aPERIODO INDEPENDIENTE | |
| 650 | 4 | _aGUERRAS DE LA INDEPENDENCIA | |
| 650 | 4 | _aGUERRAS CIVILES ARGENTINAS | |
| 650 | 4 | _aORGANIZACION NACIONAL | |
| 650 | 4 | _aHISTORIA DE LAS RELIGIONES | |
| 650 | 4 | _aRELIGION | |
| 655 | _aBIOGRAFIAS | ||
| 700 | 1 | _aFurlong Cardiff, Guillermo | |
| 942 | _cBK | ||
| 998 | _cEnrique | ||
| 999 |
_c1283 _d1283 |
||